000
00263nam a2200097Ia 4500
082
_a
EJF SCHE
245
0
_a
From thought to book
100
_a
SCHERMBRUCKER, Reviva Cape Town, 2009
_9
91646
942
_c
BK
008
210817s9999 xx 000 0 und d
999
_c
372041
_d
372040